[Event "II Memorial Carlo Ragazzini A"]
[Site "Mestre - Venezia ITA"]
[Date "2011.05.20"]
[Round "1"]
[White "Boscolo, Marco"]
[Black "Petkov, Vladimir"]
[Result "0-1"]
[WhiteElo "2175"]
[BlackElo "2517"]
[PlyCount "82"]
[EventDate "2011.05.20"]

1. d4 Nf6 2. c4 e6 3. Nf3 d5 4. g3 Be7 5. Bg2 O-O 6. Nc3 c6 7. O-O b6 8. Ne5
Bb7 9. b3 Nfd7 10. Nxd7 Nxd7 11. cxd5 cxd5 12. Bb2 Rc8 13. Qd3 Nb8 14. Rfd1 f5
15. Rac1 Ba6 16. Qd2 Nc6 17. Nb1 Bb4 18. Bc3 Bd6 19. f4 Qe7 20. Qe3 g5 21. Nd2
g4 22. Nf1 Kf7 23. Qd2 Ba3 24. Bb2 Bb4 25. Bc3 Bd6 26. Ne3 h5 27. Nc2 Rc7 28.
b4 Rfc8 29. a3 Na5 30. bxa5 Rxc3 31. axb6 axb6 32. Nb4 Bxb4 33. axb4 Qxb4 34.
Rb1 Qd6 35. Bf1 Rc2 36. Qe3 R8c3 37. Qe5 Qxe5 38. fxe5 Rc6 39. Kf2 Bc4 40. Rb4
Ra2 41. Rdb1 b5 0-1

[Event "II Memorial Carlo Ragazzini A"]
[Site "Mestre - Venezia ITA"]
[Date "2011.05.20"]
[Round "1"]
[White "Arnaudov, G. Petar"]
[Black "Vianello, Enrico"]
[Result "1/2-1/2"]
[WhiteElo "2449"]
[BlackElo "2156"]
[PlyCount "68"]
[EventDate "2011.05.20"]

1. Nf3 d5 2. c4 c6 3. d4 Nf6 4. Qc2 g6 5. Bf4 Bf5 6. Qb3 Qb6 7. c5 Qxb3 8. axb3
Nbd7 9. Nc3 Bg7 10. b4 Ne4 11. e3 O-O 12. h3 Rfe8 13. Be2 e5 14. Bh2 Re7 15.
Kf1 a6 16. b5 exd4 17. exd4 Rae8 18. bxc6 Nxc3 19. cxd7 Bxd7 20. Bxa6 Ne2 21.
Bd3 Nxd4 22. Bd6 Nxf3 23. gxf3 Re6 24. Ra7 Bc8 25. Bb5 Rd8 26. Ra8 Be5 27. Bd7
Rxd7 28. Rxc8+ Kg7 29. Bxe5+ Rxe5 30. c6 bxc6 31. Rxc6 d4 32. Kg2 Re2 33. Rb1
d3 34. Rcc1 Rb7 1/2-1/2

[Event "II Memorial Carlo Ragazzini A"]
[Site "Mestre - Venezia ITA"]
[Date "2011.05.20"]
[Round "1"]
[White "Gallana, Marco"]
[Black "Solomon, Kenny"]
[Result "0-1"]
[WhiteElo "2113"]
[BlackElo "2433"]
[PlyCount "67"]
[EventDate "2011.05.20"]

1. d4 d6 2. c4 g6 3. Nc3 Bg7 4. e4 Nc6 5. Be3 e5 6. d5 Nce7 7. f3 f5 8. c5 Nf6
9. Bb5+ Kf7 10. Qd2 a6 11. Bc4 h6 12. a4 Kg8 13. a5 Kh7 14. Nge2 Rf8 15. O-O-O
fxe4 16. Nxe4 Nf5 17. N2c3 Bd7 18. Kb1 Qe7 19. h4 Ne8 20. Rde1 Nxe3 21. Qxe3
dxc5 22. h5 g5 23. Nxc5 Nd6 24. Bd3+ Kg8 25. g4 Rf4 26. N3e4 Raf8 27. Nxd6 Qxd6
28. Nxd7 Qxd7 29. Be4 Qb5 30. Qc3 Rxf3 31. Bxf3 e4 32. Qc2 Rxf3 33. Rxe4 Bxb2
34. Re8+ 0-1

[Event "II Memorial Carlo Ragazzini A"]
[Site "Mestre - Venezia ITA"]
[Date "2011.05.20"]
[Round "1"]
[White "Klaric, Zlatko"]
[Black "Gallo, Enrico"]
[Result "1-0"]
[WhiteElo "2426"]
[BlackElo "2101"]
[PlyCount "132"]
[EventDate "2011.05.20"]

1. d4 Nf6 2. Nf3 e6 3. Bg5 d5 4. Nbd2 Be7 5. e3 b6 6. Ne5 O-O 7. Qf3 Nfd7 8.
Bf4 Nxe5 9. Bxe5 Bd6 10. Bg3 c5 11. c3 cxd4 12. exd4 Ba6 13. Bxa6 Nxa6 14. Qd3
Nb8 15. Nf3 Nc6 16. Bxd6 Qxd6 17. Ng5 f5 18. O-O e5 19. dxe5 Nxe5 20. Qh3 Qg6
21. f4 Ng4 22. Qd3 Qd6 23. h3 h6 24. Nf3 Nf6 25. Rad1 Rad8 26. Qxf5 Ne4 27. Qe5
Rxf4 28. Rxd5 Qxd5 29. Qxf4 Rf8 30. Qe5 Qd3 31. Re1 Nf6 32. Qe6+ Kh8 33. Qe2
Qf5 34. Nd4 Qg6 35. Qc2 Qg3 36. Qf2 Qd6 37. Nf5 Qd3 38. Nd4 Nh7 39. Qe2 Qg3 40.
Qe3 Qg6 41. Ne6 Rf6 42. Qe4 Qg3 43. Qe3 Qd6 44. Qe5 Qd2 45. Qe2 Qd6 46. Qg4 Qe7
47. Re2 Nf8 48. Nd4 Qf7 49. Kh2 Qxa2 50. Re7 Ng6 51. Re8+ Kh7 52. Nf3 Qd5 53.
h4 Qd6+ 54. g3 Nf8 55. Qe4+ Kg8 56. Qc4+ Kh7 57. Ne5 Qd2+ 58. Kh3 Qc1 59. Qd3+
Kg8 60. Qd5+ Kh7 61. Qe4+ Kg8 62. Ng4 Rf7 63. h5 Qf1+ 64. Kh4 Rf3 65. Nh2 Qh1
66. Rxf8+ Kxf8 1-0

[Event "II Memorial Carlo Ragazzini A"]
[Site "Mestre - Venezia ITA"]
[Date "2011.05.20"]
[Round "1"]
[White "Basso, Pier Luigi"]
[Black "Mrdja, Milan"]
[Result "0-1"]
[WhiteElo "2028"]
[BlackElo "2385"]
[PlyCount "109"]
[EventDate "2011.05.20"]

1. e4 d5 2. exd5 Qxd5 3. Nc3 Qd6 4. Nf3 Nf6 5. g3 g6 6. Bg2 Qa6 7. Qe2 Qxe2+ 8.
Nxe2 Bg7 9. d4 O-O 10. O-O e6 11. b3 Rd8 12. Bb2 a5 13. Ne5 a4 14. Rfd1 Nbd7
15. c4 c6 16. Nxc6 bxc6 17. Bxc6 Ra6 18. Bxa4 Rxa4 19. bxa4 Nb6 20. Rac1 Ba6
21. c5 Nxa4 22. Rc2 Nd5 23. Nc1 Nb4 24. Rcd2 Bh6 25. f4 Bf8 26. Ba3 Nd5 27. Re1
h5 28. Nb3 Bb5 29. Kf2 Ra8 30. Bb2 Bc6 31. Rc1 Nxb2 32. Rxb2 Bg7 33. Rd2 Ra4
34. Rcc2 f5 35. Rb2 Kf7 36. Rd3 Bf6 37. Nd2 Bxd4+ 38. Rxd4 Rxd4 39. Nf3 Re4 40.
Ne5+ Rxe5 41. fxe5 g5 42. Rb8 Ke7 43. Rh8 Be8 44. c6 Bxc6 45. Rxh5 g4 46. Rh7+
Kd8 47. h3 gxh3 48. Rxh3 Kc7 49. Rh6 Bd7 50. Kf3 Nc3 51. g4 fxg4+ 52. Kxg4 Kb6
53. Rh2 Ne4 54. Kf4 Nc5 55. Rd2 {...} 0-1

[Event "II Memorial Carlo Ragazzini A"]
[Site "Mestre - Venezia ITA"]
[Date "2011.05.20"]
[Round "1"]
[White "Guerra, Alessandro"]
[Black "Cedriano, Filippo"]
[Result "1/2-1/2"]
[WhiteElo "2225"]
[BlackElo "2017"]
[PlyCount "65"]
[EventDate "2011.05.20"]

1. e4 c5 2. Nf3 d6 3. Bc4 Nf6 4. Nc3 g6 5. e5 dxe5 6. Nxe5 e6 7. d3 Bd6 8. Bb5+
Nbd7 9. Bf4 Qc7 10. Ng4 Nxg4 11. Bxd6 Qxd6 12. Qxg4 O-O 13. O-O a6 14. Ne4 Qe7
15. Bxd7 Bxd7 16. Rfe1 Bc6 17. Qf4 Bxe4 18. Rxe4 Rad8 19. Rae1 Rd5 20. R1e3
Rfd8 21. h4 Rf5 22. Qh2 h5 23. f3 Kg7 24. Kf2 Rd7 25. Ke2 Qf6 26. c3 b5 27. g4
Rfd5 28. Re5 Rxe5 29. Rxe5 hxg4 30. fxg4 Rd5 31. Rxd5 exd5 32. Qg3 Qe6+ 33. Kf3
{...} 1/2-1/2

[Event "II Memorial Carlo Ragazzini A"]
[Site "Mestre - Venezia ITA"]
[Date "2011.05.20"]
[Round "1"]
[White "Solinas, Carlo"]
[Black "Xia, Jie"]
[Result "0-1"]
[WhiteElo "1990"]
[BlackElo "2224"]
[PlyCount "122"]
[EventDate "2011.05.20"]

1. e4 g6 2. d4 Bg7 3. Nc3 c5 4. dxc5 Bxc3+ 5. bxc3 Qa5 6. Bd2 Qxc5 7. Bd3 Nf6
8. Qe2 Nc6 9. Nf3 d6 10. h3 O-O 11. Qe3 Qxe3+ 12. Bxe3 b6 13. O-O Bb7 14. Rfe1
Rfc8 15. Bd2 Nd7 16. Nd4 Nce5 17. f4 Nc4 18. Bxc4 Rxc4 19. e5 dxe5 20. fxe5 Nc5
21. Bg5 Re8 22. Rad1 Kg7 23. Bc1 Rxc3 24. Bb2 Rg3 25. Rd2 Ne4 26. Rde2 Nc3 27.
Rf2 h5 28. h4 Ne4 29. Rfe2 Rg4 30. Re3 Rd8 31. Nf3 Nd2 32. Kf2 Nxf3 33. gxf3
Rxh4 34. Kg3 Rc4 35. e6+ f6 36. Ba3 Kf8 37. R1e2 b5 38. Rd3 Rxd3 39. cxd3 Rc3
40. Bb4 Rxd3 41. Rc2 Rxf3+ 42. Kh2 Rf4 43. Bd2 Rc4 44. Bh6+ Ke8 45. Rd2 Bc8 46.
Re2 g5 47. Kg3 Rc6 48. Rb2 Bxe6 49. Rxb5 a6 50. Rb8+ Rc8 51. Rb6 Bc4 52. Bxg5
fxg5 53. Rh6 Be2 54. Rg6 Rc5 55. Re6 h4+ 56. Kf2 Bc4 57. Rb6 Rb5 58. Rc6 Bxa2
59. Rxa6 Bb1 60. Kf3 Bf5 61. Ra3 e5 0-1

[Event "II Memorial Carlo Ragazzini A"]
[Site "Mestre - Venezia ITA"]
[Date "2011.05.20"]
[Round "1"]
[White "Omeri, Silvan"]
[Black "Rossi, Gianni"]
[Result "1-0"]
[WhiteElo "2201"]
[BlackElo "1813"]
[PlyCount "86"]
[EventDate "2011.05.20"]

1. e4 Nf6 2. e5 Nd5 3. d4 d6 4. c4 Nb6 5. exd6 cxd6 6. Nc3 g6 7. Be3 Bg7 8. Nf3
O-O 9. Be2 Nc6 10. Rc1 Bg4 11. b3 d5 12. c5 Nc8 13. O-O e6 14. h3 Bxf3 15. Bxf3
N8e7 16. Ne2 Nf5 17. Qd2 Nh4 18. b4 Nxf3+ 19. gxf3 e5 20. b5 Na5 21. Bg5 f6 22.
Bh4 Nc4 23. Qd3 Qd7 24. Rxc4 dxc4 25. Qxc4+ Kh8 26. d5 Qxh3 27. Qg4 Qxg4+ 28.
fxg4 a6 29. a4 axb5 30. axb5 Ra4 31. f3 Bh6 32. c6 Be3+ 33. Bf2 Bxf2+ 34. Kxf2
bxc6 35. bxc6 Rc4 36. Rc1 Rxc1 37. Nxc1 Rc8 38. Nd3 Kg7 39. Nc5 Kf7 40. Nb7 Rc7
41. d6 Rxc6 42. d7 Rc2+ 43. Ke3 Rc3+ 1-0

[Event "II Memorial Carlo Ragazzini A"]
[Site "Mestre - Venezia ITA"]
[Date "2011.05.21"]
[Round "2"]
[White "Petkov, Vladimir"]
[Black "Mrdja, Milan"]
[Result "1-0"]
[WhiteElo "2517"]
[BlackElo "2385"]
[PlyCount "37"]
[EventDate "2011.05.20"]

1. d4 Nf6 2. c4 c5 3. d5 e6 4. Nc3 exd5 5. cxd5 Bd6 6. Bg5 Bc7 7. d6 Ba5 8. e3
h6 9. Bh4 O-O 10. Bc4 Nc6 11. Nf3 Re8 12. O-O Bxc3 13. bxc3 b6 14. Re1 Bb7 15.
e4 Na5 16. Bd3 g5 17. Nxg5 hxg5 18. Bxg5 Re6 19. Bh4 1-0

[Event "II Memorial Carlo Ragazzini A"]
[Site "Mestre - Venezia ITA"]
[Date "2011.05.21"]
[Round "2"]
[White "Solomon, Kenny"]
[Black "Omeri, Silvan"]
[Result "1-0"]
[WhiteElo "2433"]
[BlackElo "2201"]
[PlyCount "121"]
[EventDate "2011.05.20"]

1. Nf3 d5 2. d4 Nf6 3. c4 c6 4. Nc3 e6 5. Bg5 Be7 6. e3 Nbd7 7. Qc2 O-O 8. Rd1
a6 9. a3 Re8 10. h3 Nh5 11. Bxe7 Qxe7 12. Bd3 g6 13. O-O b5 14. cxd5 cxd5 15.
Na2 Bb7 16. Qc7 Rab8 17. Rc1 Rec8 18. Qa5 Qd6 19. Rxc8+ Rxc8 20. Rc1 Rxc1+ 21.
Nxc1 Nb6 22. Nb3 Nc4 23. Qc3 Nf6 24. Nc5 Bc8 25. b3 Nxa3 26. Qa5 Nc4 27. bxc4
dxc4 28. Bc2 Nd5 29. e4 Qb6 30. Qd2 Ne7 31. Qh6 f6 32. e5 Nf5 33. Qf4 fxe5 34.
Nxe5 Qd6 35. Ne4 Qxd4 36. g4 Kg7 37. Nf3 e5 38. Qg5 Qd7 39. Qf6+ Kg8 40. Qxe5
Qe7 41. Qb8 Qb7 42. Qe5 Qe7 43. gxf5 Qxe5 44. Nxe5 Bxf5 45. Nf6+ Kg7 46. Ne8+
Kf8 47. Bxf5 gxf5 48. Nc7 Ke7 49. Nxa6 Kd6 50. f4 Kd5 51. Kf2 Ke4 52. Kg3 Ke3
53. Nb4 Ke4 54. Nec6 h6 55. Na7 Kd4 56. Kf3 Kc5 57. Nac6 c3 58. Ke3 Kc4 59. Nc2
Kc5 60. Ne5 h5 61. h4 1-0

[Event "II Memorial Carlo Ragazzini A"]
[Site "Mestre - Venezia ITA"]
[Date "2011.05.21"]
[Round "2"]
[White "Xia, Jie"]
[Black "Klaric, Zlatko"]
[Result "1-0"]
[WhiteElo "2224"]
[BlackElo "2426"]
[PlyCount "87"]
[EventDate "2011.05.20"]

1. e4 e5 2. Nf3 Nc6 3. d4 exd4 4. Bc4 Bc5 5. c3 d3 6. b4 Bb6 7. a4 Qe7 8. O-O
a5 9. b5 Ne5 10. Nxe5 Qxe5 11. Qb3 d5 12. Bxd5 Be6 13. Nd2 Ne7 14. Bxe6 Qxe6
15. Qxe6 fxe6 16. Nc4 Ng6 17. Rd1 O-O-O 18. Ra2 Bc5 19. g3 Rhf8 20. Kg2 b6 21.
h4 Kb7 22. Bg5 Ne7 23. Rad2 c6 24. bxc6+ Kxc6 25. Ne5+ Kb7 26. Bxe7 Bxe7 27.
Rxd3 Rxd3 28. Rxd3 Rd8 29. Rxd8 Bxd8 30. c4 Bf6 31. Nd3 Kc6 32. f4 Bd4 33. Kf3
Bg1 34. h5 Bd4 35. Kg4 Bf6 36. e5 Be7 37. f5 Kd7 38. Kf4 Bd8 39. Ke4 exf5+ 40.
Kxf5 Be7 41. g4 Ba3 42. g5 Be7 43. g6 h6 44. Nf4 1-0

[Event "II Memorial Carlo Ragazzini A"]
[Site "Mestre - Venezia ITA"]
[Date "2011.05.21"]
[Round "2"]
[White "Vianello, Enrico"]
[Black "Guerra, Alessandro"]
[Result "0-1"]
[WhiteElo "2156"]
[BlackElo "2225"]
[PlyCount "116"]
[EventDate "2011.05.20"]

1. Nf3 Nf6 2. c4 g6 3. Nc3 Bg7 4. e4 d6 5. d4 O-O 6. Be2 Nbd7 7. O-O e5 8. Be3
exd4 9. Nxd4 Nc5 10. f3 Re8 11. Qd2 c6 12. Nc2 Ne6 13. Rfd1 Bf8 14. Qe1 Qc7 15.
Rac1 b6 16. b4 Bb7 17. b5 c5 18. g4 Bg7 19. g5 Nh5 20. Qd2 Be5 21. Bf1 Nhf4 22.
Nd5 Bxd5 23. cxd5 Nxg5 24. Ne1 Ngh3+ 25. Kh1 Qe7 26. Nd3 Nxd3 27. Bxd3 Qh4 28.
Rc2 Bf4 29. Bxf4 Nxf4 30. Rg1 h5 31. Rc4 Re5 32. Ra4 Nh3 33. Rf1 Rxd5 34. f4
Rxd3 35. Qxd3 Nf2+ 36. Rxf2 Qxf2 37. f5 gxf5 38. exf5 Re8 39. Qg3+ Qxg3 40.
hxg3 Re1+ 41. Kg2 Rb1 42. Rxa7 Rxb5 43. Rd7 Rb2+ 44. Kf3 Rxa2 45. Rxd6 Rb2 46.
Rc6 Rb4 47. Rh6 c4 48. Rxh5 c3 49. Ke2 Rd4 50. Rh1 b5 51. Ke3 Rg4 52. Kf3 Rc4
53. Ke3 c2 54. Kd2 b4 55. Kc1 Kg7 56. g4 Kf6 57. Rh6+ Kg5 58. Rh7 b3 0-1

[Event "II Memorial Carlo Ragazzini A"]
[Site "Mestre - Venezia ITA"]
[Date "2011.05.21"]
[Round "2"]
[White "Cedriano, Filippo"]
[Black "Arnaudov, G. Petar"]
[Result "0-1"]
[WhiteElo "2017"]
[BlackElo "2449"]
[PlyCount "64"]
[EventDate "2011.05.20"]

1. e4 e5 2. Nf3 Nc6 3. d4 exd4 4. Nxd4 Bc5 5. Nb3 Bb6 6. Bd3 Qh4 7. Qf3 Nge7 8.
Nc3 d6 9. Qg3 Qxg3 10. hxg3 Be6 11. O-O O-O 12. a3 Ne5 13. Be2 f5 14. Bf4 N7g6
15. Bxe5 Nxe5 16. Nd2 fxe4 17. Ncxe4 Bf5 18. Rac1 d5 19. Nc3 c6 20. Na4 Bd8 21.
Nc5 b6 22. Nd3 Bf6 23. Nxe5 Bxe5 24. c3 c5 25. Nf3 Bf6 26. Rfd1 Rad8 27. Nh4
Be6 28. Bd3 g6 29. f4 Bxh4 30. gxh4 Rxf4 31. Re1 Rd6 32. g3 Rf3 0-1

[Event "II Memorial Carlo Ragazzini A"]
[Site "Mestre - Venezia ITA"]
[Date "2011.05.21"]
[Round "2"]
[White "Basso, Pier Luigi"]
[Black "Boscolo, Marco"]
[Result "1/2-1/2"]
[WhiteElo "2028"]
[BlackElo "2175"]
[PlyCount "69"]
[EventDate "2011.05.20"]

1. e4 e6 2. d3 d5 3. Nd2 c5 4. Ngf3 Nf6 5. g3 Nc6 6. Bg2 Be7 7. O-O O-O 8. c3
Qc7 9. Re1 b5 10. Nf1 dxe4 11. dxe4 Bb7 12. Qc2 e5 13. Bg5 h6 14. Bxf6 Bxf6 15.
Ne3 Ne7 16. Bf1 c4 17. Ng4 Rad8 18. a4 a6 19. axb5 axb5 20. b3 Bc8 21. Nxf6+
gxf6 22. bxc4 bxc4 23. Ra4 Be6 24. Qe2 Rc8 25. Rd1 Qc6 26. Qc2 Rb8 27. Nd2 Rfd8
28. Re1 Qd7 29. Nxc4 Nc6 30. Na5 Nxa5 31. Rxa5 Rdc8 32. Ra3 Kg7 33. Rb1 Rxb1
34. Qxb1 Qd6 35. Qc1 1/2-1/2

[Event "II Memorial Carlo Ragazzini A"]
[Site "Mestre - Venezia ITA"]
[Date "2011.05.21"]
[Round "2"]
[White "Rossi, Gianni"]
[Black "Gallana, Marco"]
[Result "0-1"]
[WhiteElo "1813"]
[BlackElo "2113"]
[PlyCount "92"]
[EventDate "2011.05.20"]

1. d4 Nf6 2. f3 d5 3. e4 dxe4 4. Nc3 Bf5 5. fxe4 Nxe4 6. Qf3 Nd6 7. Bf4 Nc6 8.
O-O-O Qd7 9. h3 e6 10. g4 Bg6 11. d5 exd5 12. Bxd6 Bxd6 13. Nxd5 O-O 14. Bb5
Rfe8 15. Nc3 Qe7 16. Bxc6 bxc6 17. Qxc6 Rab8 18. Nge2 Qe3+ 19. Rd2 Red8 20.
Rhd1 Be5 21. h4 h5 22. gxh5 Bxh5 23. Qe4 Bxc3 24. Nxc3 Qh6 25. Ne2 Rxd2 26.
Rxd2 Rd8 27. Qf4 Rxd2 28. Qxh6 Rxc2+ 29. Kxc2 gxh6 30. Nf4 Bf3 31. Kd3 Kg7 32.
Kd4 Kf6 33. Nd5+ Bxd5 34. Kxd5 Kf5 35. Kc6 Ke5 36. Kxc7 Kd5 37. b4 f5 38. b5
Kc5 39. a4 f4 40. Kb7 f3 41. Kxa7 f2 42. b6 f1=Q 43. b7 Qf7 44. a5 Kb5 45. a6
h5 46. Ka8 Kxa6 0-1

[Event "II Memorial Carlo Ragazzini A"]
[Site "Mestre - Venezia ITA"]
[Date "2011.05.21"]
[Round "2"]
[White "Gallo, Enrico"]
[Black "Solinas, Carlo"]
[Result "0-1"]
[WhiteElo "2101"]
[BlackElo "1990"]
[PlyCount "80"]
[EventDate "2011.05.20"]

1. Nf3 f5 2. b3 Nf6 3. Bb2 d6 4. d4 e6 5. e3 Be7 6. Bd3 O-O 7. Nbd2 Qe8 8. Qe2
d5 9. O-O-O a5 10. a3 Bd6 11. Kb1 Qe7 12. Ka2 Na6 13. c4 b6 14. cxd5 exd5 15.
Ne5 Ne4 16. f3 Nb4+ 17. axb4 axb4+ 18. Kb1 Nc3+ 19. Bxc3 bxc3 20. Ndc4 dxc4 21.
Bxc4+ Kh8 22. Nc6 Qe8 23. d5 Ba3 24. Kc2 Bd7 25. Bb5 Bc5 26. Ra1 f4 27. e4 Qh5
28. g4 Qh4 29. Ra4 Rac8 30. Kxc3 Qh3 31. Kc2 Bxg4 32. fxg4 f3 33. Qf1 Qg2+ 34.
Kd3 Qb2 35. Bc4 b5 36. Ra5 bxc4+ 37. bxc4 Qb3+ 38. Kd2 Bb4+ 39. Kc1 Bxa5 40.
Nxa5 Qc3+ 0-1

[Event "II Memorial Carlo Ragazzini A"]
[Site "Mestre - Venezia ITA"]
[Date "2011.05.21"]
[Round "3"]
[White "Solomon, Kenny"]
[Black "Petkov, Vladimir"]
[Result "1-0"]
[WhiteElo "2433"]
[BlackElo "2517"]
[PlyCount "69"]
[EventDate "2011.05.20"]

1. Nf3 Nf6 2. c4 e6 3. g3 d5 4. d4 Be7 5. Bg2 O-O 6. O-O dxc4 7. Qa4 a6 8. Qxc4
b5 9. Qc2 Bb7 10. Bd2 Be4 11. Qc1 Bb7 12. Qc2 Be4 13. Qc1 Bb7 14. Rd1 Nbd7 15.
Ba5 Bd6 16. Nbd2 Rc8 17. Qc2 Qe7 18. e4 e5 19. Re1 c5 20. dxe5 Nxe5 21. Nxe5
Bxe5 22. Nf3 Bb8 23. e5 Nd5 24. a3 h6 25. Rad1 Qe6 26. Re2 Bc7 27. Bxc7 Rxc7
28. Nh4 c4 29. Red2 Ne7 30. Rd8 g6 31. Qd2 Qxe5 32. Qxh6 Qg7 33. Qf4 Rc6 34.
Qb8 Rc8 35. Rxf8+ 1-0

[Event "II Memorial Carlo Ragazzini A"]
[Site "Mestre - Venezia ITA"]
[Date "2011.05.21"]
[Round "3"]
[White "Arnaudov, G. Petar"]
[Black "Xia, Jie"]
[Result "1/2-1/2"]
[WhiteElo "2449"]
[BlackElo "2224"]
[PlyCount "63"]
[EventDate "2011.05.20"]

1. d4 Nf6 2. c4 g6 3. Nc3 d5 4. Nf3 Bg7 5. Bg5 Ne4 6. cxd5 Nxg5 7. Nxg5 O-O 8.
Nf3 e6 9. dxe6 Bxe6 10. Qd2 c5 11. Rd1 Na6 12. e3 Nb4 13. a3 cxd4 14. Nxd4 Bxd4
15. exd4 Nd5 16. Be2 Nxc3 17. bxc3 Qa5 18. Qb2 Rac8 19. Rc1 Rc6 20. O-O Rb6 21.
Qd2 Qxa3 22. Ra1 Qb2 23. Qe3 Rc8 24. c4 Bxc4 25. Bxc4 Rxc4 26. Rxa7 Qxd4 27.
Ra8+ Kg7 28. Qe8 Kh6 29. Ra3 Kg7 30. Ra8 Kh6 31. Ra3 Kg7 32. Ra8 1/2-1/2

[Event "II Memorial Carlo Ragazzini A"]
[Site "Mestre - Venezia ITA"]
[Date "2011.05.21"]
[Round "3"]
[White "Guerra, Alessandro"]
[Black "Klaric, Zlatko"]
[Result "0-1"]
[WhiteElo "2225"]
[BlackElo "2426"]
[PlyCount "62"]
[EventDate "2011.05.20"]

1. e4 e5 2. Bc4 Bc5 3. Nf3 Qf6 4. c3 Nc6 5. d4 Bb6 6. d5 Nce7 7. Qe2 h6 8. Be3
g5 9. Na3 Ng6 10. g3 d6 11. Nd2 c6 12. O-O-O N8e7 13. Bb3 c5 14. Ba4+ Kd8 15.
Ndc4 Bh3 16. f3 Nc8 17. Qf2 Bc7 18. Bxc5 dxc5 19. d6 Bb6 20. d7 Nce7 21. Rd6
Be6 22. b4 Bc7 23. Rhd1 g4 24. Qxc5 b6 25. Na5 Rb8 26. Qxc7+ Kxc7 27. Nb5+ Kd8
28. Rc6 bxa5 29. Rc5 Qxf3 30. Rc8+ Nxc8 31. dxc8=Q+ Kxc8 0-1

[Event "II Memorial Carlo Ragazzini A"]
[Site "Mestre - Venezia ITA"]
[Date "2011.05.21"]
[Round "3"]
[White "Mrdja, Milan"]
[Black "Gallana, Marco"]
[Result "1-0"]
[WhiteElo "2385"]
[BlackElo "2113"]
[PlyCount "45"]
[EventDate "2011.05.20"]

1. e4 c6 2. d4 d5 3. f3 e6 4. Nc3 Bb4 5. Bf4 Nf6 6. Qd3 b6 7. Nge2 Ba6 8. Qe3
dxe4 9. fxe4 Qc8 10. O-O-O O-O 11. Bg5 Be7 12. Qh3 c5 13. d5 Rd8 14. Ng3 h6 15.
Bf4 exd5 16. Nf5 Bf8 17. exd5 Qd7 18. Bxb8 Bxf1 19. Be5 Ba6 20. Bxf6 gxf6 21.
Ne4 Kh8 22. Nxf6 Qa4 23. Qg3 1-0

[Event "II Memorial Carlo Ragazzini A"]
[Site "Mestre - Venezia ITA"]
[Date "2011.05.21"]
[Round "3"]
[White "Omeri, Silvan"]
[Black "Solinas, Carlo"]
[Result "1/2-1/2"]
[WhiteElo "2201"]
[BlackElo "1990"]
[PlyCount "119"]
[EventDate "2011.05.20"]

1. e4 e5 2. Nf3 Nc6 3. Bb5 f5 4. d3 fxe4 5. dxe4 Nf6 6. Bg5 d6 7. Nc3 Be7 8.
Bxf6 Bxf6 9. Qd5 Bd7 10. O-O-O a6 11. Ba4 Rb8 12. Kb1 Ne7 13. Bxd7+ Qxd7 14.
Qb3 b5 15. Nd5 Nxd5 16. Qxd5 Qf7 17. Qc6+ Qd7 18. Qd5 Qf7 19. Nd2 O-O 20. f3
Kh8 21. Qxf7 Rxf7 22. Nb3 Rff8 23. c3 Rb6 24. Kc2 Kg8 25. Na5 c5 26. c4 Kf7 27.
Rd3 Ke6 28. Rhd1 Be7 29. Ra3 h5 30. cxb5 axb5 31. Nb3 Bg5 32. Ra7 Rf7 33. Ra8
c4 34. Na5 Rc7 35. a3 Be3 36. Rd5 h4 37. h3 Bd4 38. Re8+ Kf7 39. Rh8 b4 40. a4
b3+ 41. Kb1 c3 42. bxc3 Rxc3 43. Rb5 Re3 44. Nxb3 Rxb5 45. axb5 Rxb3+ 46. Kc1
Rxb5 47. Rxh4 Ra5 48. Rg4 Ra2 49. Kd1 Rf2 50. Ke1 Kf6 51. h4 g6 52. Rg5 Ra2 53.
Rg4 Ra1+ 54. Ke2 Ra2+ 55. Kd3 Ra3+ 56. Kc2 Ra5 57. Kd3 Ra4 58. Rg5 Bf2 59. Rg4
Ra8 60. Kc4 {...} 1/2-1/2

[Event "II Memorial Carlo Ragazzini A"]
[Site "Mestre - Venezia ITA"]
[Date "2011.05.21"]
[Round "3"]
[White "Vianello, Enrico"]
[Black "Basso, Pier Luigi"]
[Result "1-0"]
[WhiteElo "2156"]
[BlackElo "2028"]
[PlyCount "121"]
[EventDate "2011.05.20"]

1. Nf3 Nf6 2. c4 g6 3. Nc3 Bg7 4. e4 d6 5. d4 O-O 6. Be2 c6 7. O-O Nbd7 8. Qc2
e5 9. dxe5 dxe5 10. Be3 Qc7 11. h3 Re8 12. Rfd1 Nf8 13. Bc5 N8d7 14. Bd6 Qb6
15. b4 Bf8 16. Na4 Qd8 17. Bxf8 Kxf8 18. c5 Qc7 19. Nb2 b6 20. Nd2 bxc5 21.
bxc5 Rd8 22. f3 Kg7 23. Nb3 Nf8 24. Rxd8 Qxd8 25. Nc4 Be6 26. Rd1 Qc7 27. Nd6
Ne8 28. Qc3 f6 29. Bc4 Nxd6 30. Rxd6 Rd8 31. Rxe6 Nxe6 32. Bxe6 Qe7 33. Bc4 Qd7
34. Be2 Qc7 35. Kf1 h6 36. Na5 Rd4 37. Nc4 Kh7 38. Nd6 a5 39. Qb3 Rb4 40. Qe6
Qa7 41. Qf7+ Qxf7 42. Nxf7 Rb1+ 43. Kf2 Rb2 44. Nd8 Rxa2 45. Nxc6 Rc2 46. Nxa5
Rxc5 47. Nc4 Kg7 48. Ne3 Rc1 49. Bc4 Rc3 50. Bd5 Ra3 51. g3 g5 52. h4 Ra1 53.
Kg2 Ra7 54. h5 Rc7 55. Nf5+ Kh7 56. Kh3 Rd7 57. Kg4 Rc7 58. Nd6 Ra7 59. Bf7 Kg7
60. Bg6 Ra1 61. Ne8+ 1-0

[Event "II Memorial Carlo Ragazzini A"]
[Site "Mestre - Venezia ITA"]
[Date "2011.05.21"]
[Round "3"]
[White "Boscolo, Marco"]
[Black "Cedriano, Filippo"]
[Result "1-0"]
[WhiteElo "2175"]
[BlackElo "2017"]
[PlyCount "81"]
[EventDate "2011.05.20"]

1. e4 c5 2. Nf3 d6 3. d4 cxd4 4. Nxd4 Nf6 5. Nc3 g6 6. Be3 a6 7. f3 b5 8. a4 b4
9. Nd5 Nxd5 10. exd5 Bb7 11. Bc4 Qc7 12. Bb3 Nd7 13. Qd2 Bg7 14. Qxb4 Rb8 15.
Qd2 Nc5 16. Bc4 O-O 17. c3 Rfc8 18. O-O Nd7 19. Ba2 Nb6 20. Ne2 Nc4 21. Bxc4
Qxc4 22. Rfd1 a5 23. Ba7 Ra8 24. Be3 Bxd5 25. Nf4 Bc6 26. Nd5 Bxd5 27. Qxd5
Qxd5 28. Rxd5 Rcb8 29. Rb5 Rxb5 30. axb5 d5 31. Ra4 e6 32. Kf1 Kf8 33. Ke2 Ke7
34. Kd3 Kd7 35. Bc5 Be5 36. b4 Rb8 37. Rxa5 Rb7 38. h3 Bc7 39. Ra8 Bb8 40. b6
Kc6 41. Ra7 1-0

[Event "II Memorial Carlo Ragazzini A"]
[Site "Mestre - Venezia ITA"]
[Date "2011.05.21"]
[Round "3"]
[White "Rossi, Gianni"]
[Black "Gallo, Enrico"]
[Result "1/2-1/2"]
[WhiteElo "1813"]
[BlackElo "2101"]
[PlyCount "44"]
[EventDate "2011.05.20"]

1. d4 Nf6 2. f3 d5 3. e4 dxe4 4. Nc3 exf3 5. Nxf3 Bg4 6. h3 Bh5 7. g4 Bg6 8.
Ne5 e6 9. Qf3 Bb4 10. Nxg6 hxg6 11. Qxb7 Nd5 12. Bb5+ Nd7 13. Bxd7+ Kxd7 14.
O-O Rb8 15. Qa6 Ke8 16. Qd3 Be7 17. Nxd5 Qxd5 18. c4 Qd7 19. Bd2 c5 20. d5 exd5
21. cxd5 Rd8 22. Rae1 Kf8 1/2-1/2

[Event "II Memorial Carlo Ragazzini A"]
[Site "Mestre - Venezia ITA"]
[Date "2011.05.22"]
[Round "4"]
[White "Xia, Jie"]
[Black "Solomon, Kenny"]
[Result "1-0"]
[WhiteElo "2224"]
[BlackElo "2433"]
[PlyCount "99"]
[EventDate "2011.05.20"]

1. e4 c5 2. Nf3 e6 3. d4 cxd4 4. Nxd4 a6 5. Bd3 Bc5 6. Nb3 Be7 7. Be3 Nc6 8. f4
d6 9. N1d2 Nf6 10. Qf3 Qc7 11. O-O Rb8 12. Qg3 g6 13. Rae1 e5 14. fxe5 Nxe5 15.
Bg5 Nh5 16. Qh4 Bxg5 17. Qxg5 Qe7 18. Qe3 O-O 19. Be2 Bg4 20. Bxg4 Nxg4 21. Qd4
Rbc8 22. c3 Ne5 23. Nc1 Ng7 24. Nd3 Ne6 25. Qe3 Rfe8 26. Nb4 Nc7 27. Nf3 a5 28.
Nd3 Na6 29. Nf4 Nc7 30. h3 Nd7 31. Rf2 f5 32. Rfe2 fxe4 33. Qxe4 Qxe4 34. Rxe4
Nc5 35. Re7 Na4 36. Ng5 Nxb2 37. Nxh7 Rxe7 38. Rxe7 Ne8 39. Nxg6 Rxc3 40. Ng5
Nc7 41. Ne4 Rc1+ 42. Kh2 Nd5 43. Rxb7 Nc4 44. h4 Re1 45. Ng3 Ne5 46. Nxe5 Rxe5
47. Rd7 Nf6 48. Rxd6 Ng4+ 49. Kg1 Re1+ 50. Nf1 {...} 1-0